Personnages de The Office (US) - Statistiques

Statistiques générales
  • Ce quiz a été pris 39 fois
  • Le résultat moyen est 19 sur 42
Statistiques - réponses
Par images Réponse % Correct
Dwight Schrute
94%
Michael Scott
94%
Pam Beesly
94%
Jim Halpert
92%
Kevin Mallone
89%
Stanley Hudson
78%
Oscar Nunez
75%
Toby Flenderson
75%
Angela Martin
72%
Jan Levinson
72%
Kelly Kapoor
69%
Meredith Palmer
67%
Ryan Howard
67%
Bob Vance
64%
Creed Braston
61%
Phyllis Vance
61%
Andy Bernard
56%
Erin Hannon
56%
Darryl Cropp
44%
Prison Mike
44%
Roy
44%
Cece Beesly
42%
Karen Filipelli
42%
David Wallace
39%
Holly Flax
39%
Robert California
39%
Mose Shcrute
36%
Gabe
33%
Nellie
31%
Todd Packer
31%
Goldenface
28%
Pete
22%
Carol
19%
Helene Beesly
11%
Josh Porter
11%
Brian
8%
Clark Green
8%
Jo Benett
8%
Martin Nash
8%
Ed Truck
6%
Hannah
6%
Tony Gardner
0%
Aucun quiz correspondant
Distribution des résultats
% des personnes avec chaque résultat
Percentile par nombre de réponses
Votre historique - résultats
Vous n’avez pas pris ce quiz